[Event "Montevideo CBR 90 op 3rd"]
[Site "Montevideo"]
[Date "2012.02.12"]
[Round "6"]
[White "Arcos Facio, Mateo"]
[Black "El Ters, Antouan"]
[Result "0-1"]
[WhiteElo "2165"]
[BlackElo "2226"]
[PlyCount "190"]
[EventDate "2012.02.09"]
[EventType "swiss"]
[EventRounds "7"]
[EventCountry "URU"]
[SourceTitle "EXT 2014"]
[Source "ChessBase"]
[SourceDate "2013.11.20"]
[SourceVersion "1"]
[SourceVersionDate "2013.11.20"]
[SourceQuality "1"]

1. e4 e5 2. Nf3 Nc6 3. Bb5 a6 4. Ba4 Nf6 5. 0-0 b5 6. Bb3 Be7 7. Re1 0-0 8. a4 Bb7 9. d3 d6 10. c3 Na5 11. Bc2 c5 12. Nbd2 Nc6 13. Nf1 d5 14. Ng3 dxe4 15. dxe4 Qxd1 16. Rxd1 g6 17. Nf1 Rfd8 18. Bg5 Rxd1 19. Rxd1 Rd8 20. Rxd8+ Bxd8 21. Ne3 Kg7 22. Kf1 h6 23. Bh4 Bc8 24. Bg3 Nd7 25. Nd2 Nb6 26. axb5 axb5 27. Ke2 Be6 28. b3 f6 29. f3 b4 30. c4 Nd4+ 31. Kd3 Nd7 32. Bh4 h5 33. Nd5 Kf7 34. Bd1 Nb8 35. Nf1 Nbc6 36. Bc2 f5 37. Bxd8 fxe4+ 38. fxe4 Nxd8 39. Bd1 Bg4 40. Bxg4 hxg4 41. Nfe3 Nxb3 42. Nxg4 Nc6 43. h4 Nbd4 44. Nge3 Ne6 45. g3 Ned4 46. Nd1 Na5 47. Nb2 Ne6 48. Na4 Nb7 49. Nab6 Nf8 50. Nc7 Nd8 51. Ncd5 Ke6 52. Nc7+ Kd6 53. Ncd5 Nde6 54. Nc8+ Kc6 55. Nce7+ Kd7 56. Ng8 Ng7 57. g4 Nge6 58. Ngf6+ Kd6 59. Ke3 Nc7 60. Nb6 Ke6 61. g5 Kd6 62. Nc8+ Ke6 63. Nb6 Ke7 64. Nc8+ Kd8 65. Nd6 Ke7 66. Nc8+ Kf7 67. Nd6+ Ke6 68. Nb7 Na6 69. Na5 Nb8 70. Nd5 Nbd7 71. Kf3 Kf7 72. Ke3 Ne6 73. Nb3 Nd4 74. Na5 Nf8 75. Nb7 Nfe6 76. Nd6+ Kf8 77. Nb5 Nf4 78. Nxd4 exd4+ 79. Kd2 Ng2 80. Nf6 Ke7 81. h5 gxh5 82. Nxh5 Ne3 83. Nf4 Nxc4+ 84. Kd3 Ne5+ 85. Kc2 Kf7 86. g6+ Nxg6 87. Nd3 c4 88. Nxb4 Ne5 89. Nd5 Ke6 90. Nf4+ Kd6 91. Kd2 Nf3+ 92. Ke2 Ng5 93. Kd1 Ke5 94. Nd5 Kxe4 95. Nc7 Kd3 0-1

[Event "Montevideo CBR 90 op 3rd"]
[Site "Montevideo"]
[Date "2012.02.12"]
[Round "7"]
[White "El Ters, Antouan"]
[Black "Daneri, Martin"]
[Result "1/2-1/2"]
[WhiteElo "2226"]
[BlackElo "2157"]
[PlyCount "96"]
[EventDate "2012.02.09"]
[EventType "swiss"]
[EventRounds "7"]
[EventCountry "URU"]
[SourceTitle "EXT 2014"]
[Source "ChessBase"]
[SourceDate "2013.11.20"]
[SourceVersion "1"]
[SourceVersionDate "2013.11.20"]
[SourceQuality "1"]

1. e4 e6 2. d4 d5 3. Nd2 Nc6 4. Ngf3 Nf6 5. e5 Nd7 6. c3 f6 7. Bb5 fxe5 8. dxe5 Be7 9. 0-0 0-0 10. Re1 Nc5 11. b4 Ne4 12. Nxe4 dxe4 13. Qxd8 Rxd8 14. Bxc6 bxc6 15. Rxe4 c5 16. Bg5 Bxg5 17. Nxg5 h6 18. Nf3 Bb7 19. Re3 Bxf3 20. Rxf3 cxb4 21. cxb4 Rd5 22. Re1 a5 23. Ra3 Rb5 24. Rxa5 Rbxa5 25. bxa5 Rxa5 26. Re2 g5 27. Kf1 Kf7 28. Ke1 Rd5 29. f3 h5 30. Kf2 Kg6 31. h3 h4 32. g4 hxg3+ 33. Kxg3 Kf5 34. a4 Ra5 35. Re4 Ra8 36. h4 gxh4+ 37. Kxh4 Rg8 38. Kh3 c6 39. Kh2 Rg7 40. Rc4 Kxe5 41. Rxc6 Kf4 42. Rc3 Ra7 43. Ra3 Ra5 44. Kg2 e5 45. Kf2 e4 46. Ke2 exf3+ 47. Rxf3+ Ke4 48. Rh3 Kd4 1/2-1/2

[Event "Montevideo CBR 90 op 3rd"]
[Site "Montevideo"]
[Date "2012.02.11"]
[Round "5"]
[White "El Ters, Antouan"]
[Black "Roselli Mailhe, Bernardo"]
[Result "1/2-1/2"]
[WhiteElo "2226"]
[BlackElo "2421"]
[PlyCount "151"]
[EventDate "2012.02.09"]
[EventType "swiss"]
[EventRounds "7"]
[EventCountry "URU"]
[SourceTitle "EXT 2014"]
[Source "ChessBase"]
[SourceDate "2013.11.20"]
[SourceVersion "1"]
[SourceVersionDate "2013.11.20"]
[SourceQuality "1"]

1. e4 e5 2. Nf3 Nf6 3. Nxe5 d6 4. Nf3 Nxe4 5. Be2 d5 6. 0-0 Bd6 7. d3 Nf6 8. Nc3 c6 9. Bg5 0-0 10. Qd2 Nbd7 11. Bf4 Nc5 12. Nd4 Bxf4 13. Qxf4 Ne6 14. Nxe6 Bxe6 15. Bf3 Re8 16. Rfe1 Qb6 17. b3 Qa5 18. Ne2 Bd7 19. a4 Qc5 20. Qd2 a5 21. Qc3 Qxc3 22. Nxc3 Kf8 23. Kf1 Rxe1+ 24. Rxe1 Ne8 25. Ke2 Ke7 26. Kd2+ Kd6 27. Ne2 Nc7 28. c4 Ne6 29. Bg4 Nc5 30. Bxd7 Kxd7 31. d4 Ne4+ 32. Kc2 dxc4 33. bxc4 Nd6 34. Kd3 Re8 35. Rb1 Kc7 36. Nc3 b6 37. d5 Nb7 38. Kd4 Nc5 39. f3 f5 40. g4 f4 41. dxc6 Kxc6 42. Nd5 Nxa4 43. Nxf4 Rf8 44. Nd3 Rd8+ 45. Ke3 Re8+ 46. Kd2 Nc5 47. Nf4 Rd8+ 48. Ke3 Re8+ 49. Kd2 a4 50. Nd5 Nb3+ 51. Kc3 Kc5 52. Nf4 Re3+ 53. Nd3+ Kd6 54. f4 Nc5 55. Rxb6+ Kc7 56. Kd4 Nxd3 57. Kxe3 Kxb6 58. Kxd3 Kc5 59. Kc3 a3 60. f5 a2 61. Kb2 Kxc4 62. g5 Kd5 63. Kxa2 Ke5 64. f6 gxf6 65. gxf6 Kxf6 66. Kb2 Kg5 67. Kc2 Kg4 68. Kd2 Kh3 69. Ke2 Kxh2 70. Kf2 h6 71. Kf3 h5 72. Kf4 h4 73. Kf3 h3 74. Kf2 Kh1 75. Kg3 h2 76. Kf2 1/2-1/2

[Event "Montevideo CBR 90 op 3rd"]
[Site "Montevideo"]
[Date "2012.02.10"]
[Round "2"]
[White "Colombo, Camila"]
[Black "El Ters, Antouan"]
[Result "0-1"]
[WhiteElo "2096"]
[BlackElo "2226"]
[PlyCount "70"]
[EventDate "2012.02.09"]
[EventType "swiss"]
[EventRounds "7"]
[EventCountry "URU"]
[SourceTitle "EXT 2014"]
[Source "ChessBase"]
[SourceDate "2013.11.20"]
[SourceVersion "1"]
[SourceVersionDate "2013.11.20"]
[SourceQuality "1"]

1. d4 d5 2. c4 e6 3. Nf3 Nf6 4. Nc3 Be7 5. Bg5 0-0 6. e3 b6 7. Qc2 Bb7 8. cxd5 exd5 9. Bd3 Nbd7 10. 0-0 c5 11. dxc5 bxc5 12. Rfd1 h6 13. Bf4 Qa5 14. Nh4 Rfd8 15. Nf5 Bf8 16. Be2 Qb6 17. Nb5 d4 18. Nbd6 Bd5 19. Bc4 Qc6 20. e4 Bxe4 21. Bxf7+ Kh8 22. Nxe4 Nxe4 23. Nh4 g5 24. Rxd4 Ndf6 25. Ng6+ Kg7 26. Ne5 Qb7 27. Rxd8 Rxd8 28. Be3 Bd6 29. Rd1 Qc7 30. f3 Bxe5 31. Rxd8 Qxd8 32. fxe4 Kxf7 33. Qc4+ Kg7 34. Bxc5 Qd1+ 35. Qf1 Bxh2+ 0-1

[Event "Montevideo CBR 90 op 3rd"]
[Site "Montevideo"]
[Date "2012.02.09"]
[Round "1"]
[White "El Ters, Antouan"]
[Black "Chamlian, Aram"]
[Result "1-0"]
[WhiteElo "2226"]
[BlackElo "1755"]
[PlyCount "51"]
[EventDate "2012.02.09"]
[EventType "swiss"]
[EventRounds "7"]
[EventCountry "URU"]
[SourceTitle "EXT 2014"]
[Source "ChessBase"]
[SourceDate "2013.11.20"]
[SourceVersion "1"]
[SourceVersionDate "2013.11.20"]
[SourceQuality "1"]

1. e4 c5 2. Nf3 Nc6 3. Nc3 d6 4. d4 cxd4 5. Nxd4 Nf6 6. Be2 e5 7. Nb3 Be7 8. 0-0 0-0 9. Be3 Be6 10. f4 d5 11. f5 d4 12. fxe6 dxc3 13. exf7+ Kh8 14. bxc3 Nxe4 15. Bd3 Bg5 16. Bxg5 Qxg5 17. Bxe4 Qe3+ 18. Kh1 Qxe4 19. Qd7 Qxc2 20. Qxb7 Rad8 21. Qxc6 Rxf7 22. Rxf7 Rd1+ 23. Rf1 Rxf1+ 24. Rxf1 h6 25. Qe8+ Kh7 26. Qxe5 1-0

[Event "Latin Cup"]
[Site "Montevideo"]
[Date "2011.11.04"]
[Round "5"]
[White "Lopez, Aldi"]
[Black "El Ters, Antouan"]
[Result "0-1"]
[WhiteElo "2076"]
[BlackElo "2240"]
[PlyCount "42"]
[EventDate "2011.11.01"]
[EventType "swiss"]
[EventRounds "9"]
[EventCountry "URU"]
[SourceTitle "EXT 2012"]
[Source "ChessBase"]
[SourceDate "2011.11.24"]
[SourceVersion "1"]
[SourceVersionDate "2011.11.24"]
[SourceQuality "1"]

1. Nf3 Nf6 2. d4 g6 3. c4 Bg7 4. Nc3 d6 5. e4 0-0 6. Be2 Nc6 7. 0-0 e5 8. d5 Ne7 9. Ne1 Nd7 10. Be3 f5 11. f3 a5 12. Nd3 c5 13. dxc6 bxc6 14. a3 Ba6 15. Qb3 Rb8 16. Qa2 Kh8 17. Rfd1 Nf6 18. Nxe5 fxe4 19. fxe4 Nxe4 20. Nxg6+ Nxg6 21. Nxe4 Rxb2 0-1

[Event "Latin Cup"]
[Site "Montevideo"]
[Date "2011.11.03"]
[Round "3"]
[White "Dos Santos, Ramiro"]
[Black "El Ters, Antouan"]
[Result "1-0"]
[WhiteElo "2453"]
[BlackElo "2240"]
[PlyCount "89"]
[EventDate "2011.11.01"]
[EventType "swiss"]
[EventRounds "9"]
[EventCountry "URU"]
[SourceTitle "EXT 2012"]
[Source "ChessBase"]
[SourceDate "2011.11.24"]
[SourceVersion "1"]
[SourceVersionDate "2011.11.24"]
[SourceQuality "1"]

1. e4 e5 2. Nf3 Nc6 3. Bb5 a6 4. Ba4 Nf6 5. 0-0 b5 6. Bb3 Be7 7. Re1 0-0 8. h3 d6 9. c3 Be6 10. d4 Bxb3 11. Qxb3 exd4 12. cxd4 d5 13. e5 Ne4 14. Nc3 Nxc3 15. Qxc3 Qd7 16. Bd2 Nd8 17. Rec1 Ra7 18. Be3 a5 19. Qd3 Ne6 20. Rc2 c6 21. Rac1 Rc8 22. Nd2 c5 23. f4 Rac7 24. f5 Nxd4 25. Bxd4 cxd4 26. Rxc7 Rxc7 27. Re1 Bb4 28. Rf1 Qc6 29. f6 g6 30. Kh1 Rc8 31. Qxd4 Qc2 32. e6 Qxd2 33. Qa7 Rf8 34. e7 Qxb2 35. exf8Q+ Bxf8 36. Qxa5 h5 37. Qa8 Qd4 38. Qd8 b4 39. Rc1 Qe3 40. Rd1 d4 41. Qxd4 Qxd4 42. Rxd4 Bc5 43. Rc4 Bd6 44. Rc6 Be5 45. Rc8+ 1-0

[Event "Latin Cup"]
[Site "Montevideo"]
[Date "2011.11.02"]
[Round "2"]
[White "El Ters, Antouan"]
[Black "Ulaneo, Matias"]
[Result "1-0"]
[WhiteElo "2240"]
[BlackElo "2036"]
[PlyCount "79"]
[EventDate "2011.11.01"]
[EventType "swiss"]
[EventRounds "9"]
[EventCountry "URU"]
[SourceTitle "EXT 2012"]
[Source "ChessBase"]
[SourceDate "2011.11.24"]
[SourceVersion "1"]
[SourceVersionDate "2011.11.24"]
[SourceQuality "1"]

1. e4 e6 2. d4 d5 3. Nc3 Bb4 4. exd5 exd5 5. Nf3 Ne7 6. Be2 0-0 7. 0-0 Nbc6 8. Bg5 h6 9. Bh4 Bf5 10. a3 Bxc3 11. bxc3 Qd7 12. c4 Ng6 13. cxd5 Qxd5 14. c4 Qd7 15. Bg3 Rfe8 16. d5 Nce5 17. Nd4 c5 18. Nxf5 Qxf5 19. f4 Nxc4 20. Bxc4 Qe4 21. Qd3 Rad8 22. Rad1 Qxd3 23. Rxd3 Re4 24. Ba2 c4 25. Rd2 Ne7 26. d6 Nf5 27. Bb1 Nxg3 28. hxg3 Re3 29. d7 b5 30. Kf2 Re7 31. Re1 Kf8 32. Rxe7 Kxe7 33. Bf5 g6 34. Re2+ Kf8 35. Re8+ Rxe8 36. dxe8Q+ Kxe8 37. Bc8 Ke7 38. Ba6 Kd6 39. Bxb5 c3 40. Ke3 1-0